[Event "ch-RUS Blitz Women 2017"]
[Site "Sochi RUS"]
[Date "2017.10.02"]
[Round "16.3"]
[White "Voit, Daria"]
[Black "Bivol, Alina"]
[Result "1/2-1/2"]
[WhiteTitle "FM"]
[BlackTitle "WGM"]
[WhiteElo "2387"]
[BlackElo "2356"]
[WhiteFideId "4182146"]
[BlackFideId "4100123"]
[EventDate "2017.10.02"]
[EventType "blitz"]

1. d4 Nf6 2. c4 g6 3. Nc3 Bg7 4. Nf3 d6 5. Bg5 O-O 6. e3 h6 7. Bh4 c5 8. Bd3
cxd4 9. exd4 Nc6 10. Be2 e5 11. dxe5 dxe5 12. Qxd8 Rxd8 13. Nd5 g5 14. Nxf6+
Bxf6 15. Bg3 Be6 16. Nd2 Nd4 17. Rc1 Bg7 18. f3 f5 19. Bf2 Rac8 20. b3 Rd7 21.
Nb1 b5 22. Na3 Nxe2 23. Kxe2 bxc4 24. Nxc4 Kh7 25. Na5 Rxc1 26. Rxc1 e4 27. fxe4
fxe4 28. h3 g4 29. h4 g3 30. Bxg3 Bg4+ 31. Ke3 Rd3+ 32. Kf4 h5 33. Rc7 Kg6 34.
Rc6+ Kh7 35. Rc7 Kg6 36. Rc6+ Kh7 37. Rc7 Kg6 38. Rc6+ Kh7 39. Rc7 1/2-1/2

[Event "ch-RUS Blitz Women 2017"]
[Site "Sochi RUS"]
[Date "2017.10.02"]
[Round "16.4"]
[White "Ambartsumova, Karina"]
[Black "Kashlinskaya, Alina"]
[Result "0-1"]
[WhiteTitle "WGM"]
[BlackTitle "IM"]
[WhiteElo "2359"]
[BlackElo "2455"]
[WhiteFideId "4166299"]
[BlackFideId "4198026"]
[EventDate "2017.10.02"]
[EventType "blitz"]

1. Nf3 Nf6 2. g3 g6 3. Bg2 Bg7 4. O-O O-O 5. d4 d6 6. c4 Nbd7 7. Nc3 e5 8. e3
Re8 9. b3 Qe7 10. Bb2 Nf8 11. a4 e4 12. Nd2 Bf5 13. b4 h5 14. d5 N8h7 15. Nb5
Ng5 16. Nd4 Bh3 17. Bxh3 Nxh3+ 18. Kg2 Qd7 19. Ne2 Ng4 20. Bxg7 Kxg7 21. Nf4
Nhxf2 22. Qe2 Nd3 23. h3 Nxf4+ 24. Rxf4 Nh6 25. Nxe4 Re5 26. Qb2 Nf5 27. Re1 Qe7
28. g4 hxg4 29. hxg4 Nh4+ 30. Kg3 Rh8 31. Qd4 f5 32. Nf2 g5 33. Nd3 gxf4+ 34.
exf4 Ng6 35. g5 Kf8 36. fxe5 Qxg5+ 37. Kf2 Rh2+ 38. Kf3 Nh4+ 39. Qxh4 Qxh4 0-1

[Event "ch-RUS Blitz Women 2017"]
[Site "Sochi RUS"]
[Date "2017.10.02"]
[Round "16.5"]
[White "Drozdova, Dina"]
[Black "Ubiennykh, Ekaterina"]
[Result "1/2-1/2"]
[WhiteTitle "WIM"]
[BlackTitle "WIM"]
[WhiteElo "2209"]
[BlackElo "2308"]
[WhiteFideId "4170695"]
[BlackFideId "4137582"]
[EventDate "2017.10.02"]
[EventType "blitz"]

1. d4 d5 2. c4 e6 3. Nc3 Nf6 4. Bg5 Be7 5. e3 h6 6. Bh4 O-O 7. cxd5 Nxd5 8. Bxe7
Qxe7 9. Bd3 Nxc3 10. bxc3 Qg5 11. Qf3 Bd7 12. Qg3 Qa5 13. Ne2 Bb5 14. e4 c5 15.
O-O Nc6 16. Bxb5 Qxb5 17. Qe3 Rfd8 18. Rfb1 cxd4 19. cxd4 Qa4 20. Rxb7 Nxd4 21.
Nxd4 Rxd4 22. Re1 Rad8 23. g3 Qxa2 24. Qf4 R4d7 25. Reb1 Qc4 26. Kg2 a5 27. Rxd7
Rxd7 28. Rb8+ Kh7 29. Ra8 a4 30. Kh3 Qf1+ 31. Kg4 Qe2+ 32. Kh3 Re7 33. Kg2 e5
34. Qf5+ g6 35. Qc8 Qxe4+ 36. Kg1 Qe1+ 37. Kg2 Qe4+ 38. Kg1 Qe1+ 39. Kg2 Qe4+
40. Kg1 Qe1+ 1/2-1/2

[Event "ch-RUS Blitz Women 2017"]
[Site "Sochi RUS"]
[Date "2017.10.02"]
[Round "16.6"]
[White "Vasilevich, Tatjana"]
[Black "Pogonina, Natalija"]
[Result "1/2-1/2"]
[WhiteTitle "IM"]
[BlackTitle "WGM"]
[WhiteElo "2360"]
[BlackElo "2466"]
[WhiteFideId "14101610"]
[BlackFideId "4147855"]
[EventDate "2017.10.02"]
[EventType "blitz"]

1. d4 Nf6 2. c4 e6 3. Nc3 d5 4. cxd5 exd5 5. Bg5 c6 6. e3 Bf5 7. Qf3 Bg6 8. Bxf6
Qxf6 9. Qxf6 gxf6 10. Nh3 Nd7 11. Nf4 Nb6 12. Be2 Bd6 13. O-O a5 14. h4 h6 15.
g3 Ke7 16. Rfd1 a4 17. Bd3 Bxf4 18. exf4 Bxd3 19. Rxd3 Nc4 20. Re1+ Kd7 21. b3
axb3 22. axb3 Nd6 23. Na4 Rae8 24. Rde3 Rxe3 25. fxe3 f5 26. Nc5+ Kc7 27. Ra1
Rg8 28. Kf2 Ne4+ 29. Nxe4 fxe4 30. h5 f5 31. Ra2 1/2-1/2

[Event "ch-RUS Blitz Women 2017"]
[Site "Sochi RUS"]
[Date "2017.10.02"]
[Round "16.7"]
[White "Bezgodova, Svetlana"]
[Black "Charochkina, Daria"]
[Result "0-1"]
[WhiteTitle "WIM"]
[BlackTitle "IM"]
[WhiteElo "2060"]
[BlackElo "2321"]
[WhiteFideId "4110650"]
[BlackFideId "4180917"]
[EventDate "2017.10.02"]
[EventType "blitz"]

1. Nf3 d5 2. g3 e6 3. Bg2 f5 4. O-O Nf6 5. d3 Be7 6. Nbd2 d4 7. a4 O-O 8. b3 c5
9. e4 dxe3 10. fxe3 Nd5 11. Nc4 Bf6 12. Ra3 Nc6 13. Qe1 e5 14. Qf2 Be6 15. e4
fxe4 16. dxe4 Ndb4 17. Be3 Nd4 18. Rc1 Nxf3+ 19. Bxf3 Bg5 20. Rd1 Qf6 21. Bxc5
Qxf3 22. Qxf3 Rxf3 23. Bxb4 a5 24. Nxa5 Be3+ 25. Kh1 Bh3 26. Nc4 Bd4 27. c3 Bxc3
28. Bxc3 Rxc3 29. Nxe5 Rc2 30. Nf3 Bg2+ 31. Kg1 Bxf3 32. Re1 Rf8 33. b4 Rg2+ 34.
Kh1 Rf2+ 35. Kg1 Rg2+ 36. Kh1 Rb2+ 37. Kg1 Rxb4 38. e5 Bc6 39. a5 Rb2 40. Rae3
Rg2+ 41. Kh1 Rxg3+ 42. Re4 Rg4 43. h3 Rxe4 0-1

[Event "ch-RUS Blitz Women 2017"]
[Site "Sochi RUS"]
[Date "2017.10.02"]
[Round "16.8"]
[White "Styazhkina, Anna"]
[Black "Bykova, Anastasia"]
[Result "0-1"]
[WhiteTitle "WIM"]
[BlackTitle "WFM"]
[WhiteElo "2301"]
[BlackElo "2234"]
[WhiteFideId "24119300"]
[BlackFideId "4164970"]
[EventDate "2017.10.02"]
[EventType "blitz"]

1. e4 c6 2. d4 d5 3. e5 c5 4. c3 Nc6 5. Be2 Qb6 6. dxc5 Qxc5 7. b4 Qb6 8. Qxd5
Be6 9. Qb5 Qc7 10. Nf3 Rd8 11. Bf4 Nh6 12. O-O g6 13. Nd4 Bd7 14. Qc4 Qc8 15.
Bf3 Nxe5 16. Qxc8 Nxf3+ 17. Nxf3 Rxc8 18. Be5 f6 19. Bd4 e5 20. Bxa7 Nf5 21. Rd1
Bc6 22. Nfd2 Nd6 23. a4 Ra8 24. Bc5 Rxa4 25. Rxa4 Bxa4 26. Re1 Kf7 27. Na3 Bc6
28. c4 Be7 29. b5 Bd7 30. Rd1 Be6 31. Nc2 Rc8 32. Bxd6 Bxd6 33. Ne3 Bb4 34. Nb3
Ke7 35. Nd5+ Bxd5 36. cxd5 Rc3 37. Nd2 Rd3 38. Kf1 Rxd2 39. Rb1 Bc5 0-1

[Event "ch-RUS Blitz Women 2017"]
[Site "Sochi RUS"]
[Date "2017.10.02"]
[Round "16.9"]
[White "Sukhareva, Evgeniya"]
[Black "Travkina, Anastasia"]
[Result "0-1"]
[BlackTitle "WFM"]
[WhiteElo "2207"]
[BlackElo "2221"]
[WhiteFideId "4167155"]
[BlackFideId "24129151"]
[EventDate "2017.10.02"]
[EventType "blitz"]

1. d4 d5 2. Nf3 Nf6 3. c4 c6 4. Nc3 e6 5. Bg5 dxc4 6. e4 b5 7. e5 h6 8. Bh4 g5
9. Nxg5 hxg5 10. Bxg5 Be7 11. exf6 Bxf6 12. Bxf6 Qxf6 13. g3 Bb7 14. Bg2 Na6 15.
Ne4 Qe7 16. a4 Qb4+ 17. Kf1 O-O-O 18. h4 Qxb2 19. Kg1 Rxd4 20. Qe1 b4 21. Kh2 c3
22. Ng5 Rd7 23. Qe3 Qd2 24. Qe5 Rf8 25. Ne4 Qd5 26. Qf4 Qf5 27. Nd6+ Rxd6 28.
Qxd6 Rd8 29. Qe7 c2 30. Rhe1 Qc5 31. Qf6 b3 32. Qb2 Rd3 33. Be4 Qxf2+ 34. Bg2
Rd2 35. Rg1 Rd3 36. Qh8+ Kd7 37. Raf1 Qxg3+ 38. Kh1 f5 39. Qh7+ Kc8 40. Qh8+ Rd8
41. Qh7 b2 42. Qxb7+ Kxb7 43. Bxc6+ Kxc6 44. Rxg3 b1=Q 45. Rc3+ Kb7 0-1

[Event "ch-RUS Blitz Women 2017"]
[Site "Sochi RUS"]
[Date "2017.10.02"]
[Round "16.10"]
[White "Nebolsina, Vera"]
[Black "Kovanova, Baira"]
[Result "0-1"]
[WhiteTitle "WGM"]
[BlackTitle "WGM"]
[WhiteElo "2220"]
[BlackElo "2371"]
[WhiteFideId "4163591"]
[BlackFideId "4164083"]
[EventDate "2017.10.02"]
[EventType "blitz"]

1. e4 e5 2. Nf3 d6 3. d4 exd4 4. Nxd4 Nf6 5. Nc3 Be7 6. Bc4 O-O 7. O-O a6 8. a4
Bg4 9. f3 Bd7 10. Nd5 Nxd5 11. exd5 Bf6 12. c3 a5 13. Be3 Na6 14. Qd2 Nc5 15.
Nb5 b6 16. Bxc5 dxc5 17. Rae1 c6 18. Nd6 Ra7 19. Rd1 cxd5 20. Bxd5 Bxa4 21. b3
Be8 22. Ne4 Rd7 23. c4 Bd4+ 24. Kh1 Kh8 25. Qf4 Qc7 26. Qh4 f6 27. Be6 Re7 28.
Bf5 g6 29. Qh6 Rg8 30. Bh3 Qe5 31. Qd2 Bc6 32. Rfe1 Qc7 33. Ng3 Rge8 34. Rxe7
Qxe7 35. Bg4 Qe3 36. Qxe3 Rxe3 37. Bc8 Rxb3 38. Re1 Re3 39. Rb1 a4 40. h4 Be5
41. Nf1 Rb3 0-1

[Event "ch-RUS Blitz Women 2017"]
[Site "Sochi RUS"]
[Date "2017.10.02"]
[Round "16.11"]
[White "Tomilova, Elena"]
[Black "Kharmunova, Nadezhda"]
[Result "1-0"]
[WhiteTitle "WIM"]
[BlackTitle "WIM"]
[WhiteElo "2307"]
[BlackElo "2199"]
[WhiteFideId "4162340"]
[BlackFideId "4195876"]
[EventDate "2017.10.02"]
[EventType "blitz"]

1. d4 Nf6 2. Bg5 d5 3. e3 e6 4. Nd2 Be7 5. Bd3 O-O 6. c3 b6 7. f4 Bb7 8. Ngf3
Ne4 9. Bxe7 Qxe7 10. O-O Nd7 11. Ne5 f6 12. Nxd7 Qxd7 13. Bxe4 dxe4 14. Qc2 Ba6
15. c4 f5 16. b3 c5 17. dxc5 bxc5 18. Rfd1 Qc6 19. Nf1 Rad8 20. Rd2 Qc7 21. Rad1
Bb7 22. Qc3 Rxd2 23. Qxd2 e5 24. Qd7 Rf7 25. Qe8+ Rf8 26. Qe6+ Kh8 27. Rd7 Qc8
28. Qe7 Rg8 29. fxe5 Bc6 30. Rc7 Qe8 31. Qxe8 Rxe8 32. Rxc6 Rxe5 33. Rc8+ 1-0

[Event "ch-RUS Blitz Women 2017"]
[Site "Sochi RUS"]
[Date "2017.10.02"]
[Round "16.12"]
[White "Gritsayeva, Oksana"]
[Black "Potapova, Margarita"]
[Result "1/2-1/2"]
[WhiteTitle "WFM"]
[BlackTitle "WFM"]
[WhiteElo "2373"]
[BlackElo "2163"]
[WhiteFideId "14104652"]
[BlackFideId "14126869"]
[EventDate "2017.10.02"]
[EventType "blitz"]

1. d4 Nf6 2. Nf3 e6 3. c4 d5 4. Nc3 Bb4 5. Bg5 h6 6. Bxf6 Qxf6 7. cxd5 exd5 8.
e3 O-O 9. Be2 c5 10. O-O Bxc3 11. bxc3 Nc6 12. dxc5 Qxc3 13. Qxd5 Be6 14. Qh5
Rad8 15. Rac1 Qb2 16. Bc4 Bxc4 17. Rxc4 Qxa2 18. Rg4 Qe6 19. e4 a5 20. h3 Nd4
21. Nh4 a4 22. Nf5 Nxf5 23. exf5 Qc6 24. f6 Qxf6 25. Rxa4 Rfe8 26. Rb4 1/2-1/2

[Event "ch-RUS Blitz Women 2017"]
[Site "Sochi RUS"]
[Date "2017.10.02"]
[Round "16.13"]
[White "Belenkaya, Dina"]
[Black "Kabanova, Ekaterina"]
[Result "0-1"]
[WhiteTitle "WGM"]
[BlackTitle "WFM"]
[WhiteElo "2346"]
[BlackElo "2205"]
[WhiteFideId "24142654"]
[BlackFideId "24112917"]
[EventDate "2017.10.02"]
[EventType "blitz"]

1. e4 c5 2. Nf3 e6 3. c4 a6 4. Nc3 Qc7 5. Be2 d6 6. d4 cxd4 7. Nxd4 b6 8. O-O
Bb7 9. Be3 Nd7 10. f3 Ngf6 11. Kh1 Be7 12. Rc1 Rc8 13. a3 O-O 14. Qd2 Qb8 15. b4
Ne5 16. Na4 Ned7 17. Nb3 Bd8 18. Rfd1 Bc7 19. Bg1 h6 20. Qb2 Bc6 21. Nc3 Bb7 22.
a4 Rfe8 23. Qa2 Ne5 24. a5 bxa5 25. Nxa5 Ba8 26. Rb1 Nfd7 27. c5 Ng6 28. Bxa6
Rcd8 29. c6 Nb6 30. b5 Nf4 31. Nb7 Bxb7 32. Bxb7 d5 33. exd5 Nfxd5 34. Nxd5 exd5
35. Re1 Rxe1 36. Rxe1 Re8 37. Qf2 Qd8 38. Ra1 Qe7 39. Qc5 Qh4 40. Qf2 Qf6 41.
Ra6 d4 42. Qxd4 Qxd4 43. Bxd4 Re1+ 44. Bg1 Rb1 45. Ra7 Nd5 46. Ra8+ Kh7 47. h4
Bb6 48. c7 Rxg1+ 49. Kh2 Nxc7 50. Be4+ g6 51. Rb8 Bd4 52. Rb7 Rc1 53. Bc6 Ne6
54. Rxf7+ Ng7 55. Rf8 Rb1 56. Rd8 Be5+ 57. g3 h5 58. Rd5 Bc7 59. Rd7 Bb6 60. Rd6
Rb2+ 0-1

[Event "ch-RUS Blitz Women 2017"]
[Site "Sochi RUS"]
[Date "2017.10.02"]
[Round "16.14"]
[White "Garifullina, Leya"]
[Black "Maltsevskaya, Aleksandra"]
[Result "0-1"]
[WhiteTitle "WCM"]
[WhiteElo "1936"]
[BlackElo "2260"]
[WhiteFideId "34127035"]
[BlackFideId "24174041"]
[EventDate "2017.10.02"]
[EventType "blitz"]

1. e4 c5 2. Nf3 e6 3. d4 cxd4 4. Nxd4 Nc6 5. Nc3 a6 6. Be3 Nf6 7. f3 Qb6 8. Na4
Qa5+ 9. c3 Qc7 10. Nxc6 bxc6 11. Nb6 Rb8 12. Nxc8 Qxc8 13. Qd2 d5 14. e5 Nd7 15.
f4 Be7 16. Be2 a5 17. O-O g6 18. b3 c5 19. Bf3 a4 20. Rab1 axb3 21. axb3 O-O 22.
Kh1 Qc7 23. c4 d4 24. Bf2 Rb4 25. Qd3 Rfb8 26. Be1 R4b6 27. Ba5 Bd8 28. Bxb6
Qxb6 29. Rfd1 Qb4 30. Qe4 Kg7 31. Qc6 Nb6 32. Qd6 Nxc4 33. Qc6 Ne3 34. Rg1 Be7
35. Qd7 Bf8 36. Qc6 c4 37. Qe4 c3 38. Qd3 Bc5 39. Be4 Qa3 40. Qe2 Rxb3 41. Rxb3
Qxb3 42. h4 h5 43. Bd3 Ba3 44. Ra1 Bb2 45. Rg1 c2 46. Qf3 c1=Q 47. Rxc1 Bxc1 48.
Qe4 0-1

[Event "ch-RUS Blitz Women 2017"]
[Site "Sochi RUS"]
[Date "2017.10.02"]
[Round "16.15"]
[White "Semenova, Elena1"]
[Black "Markelova, Lubov"]
[Result "1-0"]
[WhiteTitle "WIM"]
[BlackTitle "WFM"]
[WhiteElo "2256"]
[BlackElo "2119"]
[WhiteFideId "24125148"]
[BlackFideId "24131369"]
[EventDate "2017.10.02"]
[EventType "blitz"]

1. e4 e6 2. d4 d5 3. Nd2 Nc6 4. c3 e5 5. Bb5 exd4 6. cxd4 dxe4 7. Nxe4 Bb4+ 8.
Nc3 Nf6 9. Bxc6+ bxc6 10. Ne2 O-O 11. O-O Re8 12. Bg5 h6 13. Bh4 Qd6 14. a3 Ba5
15. Bg3 Qe6 16. Re1 Qf5 17. Be5 Ba6 18. Ng3 Qg6 19. Qf3 Nd7 20. Bf4 Bc4 21. h3
Bxc3 22. Qxc3 Bd5 23. b4 Nb6 24. Bxc7 Rac8 25. Be5 Nc4 26. Bf4 a6 27. Kh2 h5 28.
f3 h4 29. Nf1 Re6 30. Nd2 Nxd2 31. Qxd2 Rce8 32. Rxe6 Qxe6 33. Rc1 Qe2 34. Qxe2
Rxe2 35. Kg1 f6 36. Kf1 Ra2 37. Rc3 g5 38. Bd6 Kf7 39. Re3 Rd2 40. Bc5 Rd1+ 41.
Ke2 Ra1 42. Re7+ Kg6 43. Re3 Ra2+ 44. Kf1 Bc4+ 45. Kg1 Ra1+ 46. Kh2 Ra2 47. Be7
Bf1 48. Re6 Bxg2 49. Rxf6+ Kg7 50. Kg1 Bxh3 51. Rxc6 Rxa3 52. Bxg5 Ra1+ 53. Kf2
Bf5 54. Bxh4 Ra2+ 55. Ke3 Rb2 56. Rb6 Rb3+ 57. Kf4 Bd7 58. Rb7 1-0

[Event "ch-RUS Blitz Women 2017"]
[Site "Sochi RUS"]
[Date "2017.10.02"]
[Round "16.16"]
[White "Komiagina, Maria"]
[Black "Belova, Olga"]
[Result "0-1"]
[WhiteTitle "WIM"]
[BlackTitle "WFM"]
[WhiteElo "2234"]
[BlackElo "2094"]
[WhiteFideId "4153987"]
[BlackFideId "4138422"]
[EventDate "2017.10.02"]
[EventType "blitz"]

1. e4 e5 2. Nf3 Nc6 3. Bb5 a6 4. Ba4 Nf6 5. d3 b5 6. Bb3 Bc5 7. O-O O-O 8. a4
Rb8 9. axb5 axb5 10. c3 d6 11. h3 h6 12. Re1 Re8 13. Nbd2 Bb6 14. Nf1 Ne7 15.
Ng3 Ng6 16. d4 c6 17. Bc2 Be6 18. d5 Nh7 19. Nf5 cxd5 20. exd5 Bxf5 21. Bxf5 Qf6
22. Qc2 Nhf8 23. Nh2 Ne7 24. Be4 Neg6 25. Ng4 Qd8 26. Be3 h5 27. Nh2 Bxe3 28.
Rxe3 Nf4 29. Nf3 g6 30. Qd2 0-1

[Event "ch-RUS Blitz Women 2017"]
[Site "Sochi RUS"]
[Date "2017.10.02"]
[Round "17.1"]
[White "Bodnaruk, Anastasia"]
[Black "Kashlinskaya, Alina"]
[Result "0-1"]
[WhiteTitle "IM"]
[BlackTitle "IM"]
[WhiteElo "2432"]
[BlackElo "2455"]
[WhiteFideId "4181751"]
[BlackFideId "4198026"]
[EventDate "2017.10.02"]
[EventType "blitz"]

1. e4 e6 2. d4 d5 3. Nc3 Nf6 4. e5 Nfd7 5. f4 c5 6. Nf3 Be7 7. Be3 b6 8. Qd2 O-O
9. h4 Nc6 10. O-O-O c4 11. f5 b5 12. Nxb5 Rb8 13. Nd6 Qb6 14. c3 Qa5 15. Kb1 Nb6
16. Ka1 Na4 17. Rb1 Rb6 18. Nxc4 dxc4 19. Bxc4 Ba6 20. b4 Nxb4 21. cxb4 Bxb4 22.
Rxb4 Rxb4 23. Bxa6 Nc3 24. Rc1 Rfb8 25. Bd3 Ra4 26. Bc4 Rxc4 27. d5 Ra4 28. dxe6
Rxa2+ 0-1

[Event "ch-RUS Blitz Women 2017"]
[Site "Sochi RUS"]
[Date "2017.10.02"]
[Round "17.2"]
[White "Goryachkina, Aleksandra"]
[Black "Bivol, Alina"]
[Result "1-0"]
[WhiteTitle "WGM"]
[BlackTitle "WGM"]
[WhiteElo "2478"]
[BlackElo "2356"]
[WhiteFideId "4147103"]
[BlackFideId "4100123"]
[EventDate "2017.10.02"]
[EventType "blitz"]

1. e4 e6 2. d4 d5 3. Bd3 dxe4 4. Bxe4 Nf6 5. Bf3 c5 6. Ne2 Be7 7. Nbc3 cxd4 8.
Qxd4 O-O 9. O-O Qxd4 10. Nxd4 Nbd7 11. Rd1 Ne5 12. Be2 Bd7 13. Bf4 Nc6 14. Ndb5
e5 15. Bg5 Bf5 16. Bd3 Bxd3 17. Rxd3 a6 18. Bxf6 Bxf6 19. Nc7 Rac8 20. N7d5 Bd8
21. Ne4 f5 22. Nd6 Rb8 23. c4 g6 24. b4 Bg5 25. f3 Rfd8 26. c5 Kg7 27. Rad1 Rf8
28. g3 Nd8 29. Nb6 Rh8 30. Nd7 Ra8 31. Nxe5 Bf6 32. Ndc4 Ne6 33. Rd7+ Kg8 34. f4
Rb8 35. R1d6 Bxe5 36. Nxe5 Nf8 37. Rc7 a5 38. b5 a4 39. b6 Re8 40. Rxb7 1-0

[Event "ch-RUS Blitz Women 2017"]
[Site "Sochi RUS"]
[Date "2017.10.02"]
[Round "17.3"]
[White "Voit, Daria"]
[Black "Charochkina, Daria"]
[Result "1-0"]
[WhiteTitle "FM"]
[BlackTitle "IM"]
[WhiteElo "2387"]
[BlackElo "2321"]
[WhiteFideId "4182146"]
[BlackFideId "4180917"]
[EventDate "2017.10.02"]
[EventType "blitz"]

1. d4 f5 2. c4 Nf6 3. Nc3 e6 4. g3 d5 5. Nf3 c6 6. b3 Bd6 7. Bg2 O-O 8. O-O b6
9. Bf4 Bb7 10. Rc1 Bxf4 11. gxf4 Nbd7 12. Qc2 Kh8 13. cxd5 exd5 14. Qxf5 Ne4 15.
Qg4 Ndf6 16. Qh4 Qd6 17. Ne5 Kg8 18. Nxe4 dxe4 19. e3 a5 20. Nc4 Qc7 21. Bh3
Rae8 22. Kh1 c5 23. Ne5 Qd6 24. dxc5 bxc5 25. Rfd1 Qe7 26. Qg3 Rd8 27. Qg1 Nd5
28. Qg4 Bc8 29. Qg3 Bxh3 30. Qxh3 Nb4 31. Rd7 Rxd7 32. Qxd7 Qxd7 33. Nxd7 Rd8
34. Nxc5 Rd2 35. Nxe4 Rxa2 36. Rc8+ Kf7 37. Rc7+ Kg6 38. Kg2 Rb2 39. Rc5 Rxb3
40. Rxa5 Rb1 41. Rb5 Kf7 42. Ng5+ Kg6 43. Rb6+ Kf5 44. Nxh7 Ke4 45. Ng5+ Kd3 46.
Ne6 Rb2 47. Nxg7 Ke2 48. Kg3 Rb1 49. Kg2 Rb2 50. Nf5 Ke1 51. Kg3 Kf1 52. h4 Kg1
53. h5 Kh1 54. h6 1-0

[Event "ch-RUS Blitz Women 2017"]
[Site "Sochi RUS"]
[Date "2017.10.02"]
[Round "17.4"]
[White "Pogonina, Natalija"]
[Black "Girya, Olga"]
[Result "1-0"]
[WhiteTitle "WGM"]
[BlackTitle "WGM"]
[WhiteElo "2466"]
[BlackElo "2505"]
[WhiteFideId "4147855"]
[BlackFideId "4195752"]
[EventDate "2017.10.02"]
[EventType "blitz"]

1. d4 d5 2. c4 e6 3. Nf3 Nf6 4. e3 b6 5. cxd5 exd5 6. Nc3 Bd6 7. Be2 O-O 8. O-O
Re8 9. Nb5 Bf8 10. Ne5 c6 11. Nc3 Bd6 12. f4 c5 13. Bf3 Bb7 14. Bd2 Nbd7 15. Be1
cxd4 16. exd4 Ne4 17. Qa4 Nf8 18. Nxe4 dxe4 19. Be2 Ne6 20. Bb5 Re7 21. Kh1 a6
22. Bc6 b5 23. Qd1 Rc8 24. Bxb7 Rxb7 25. Bg3 Bb8 26. d5 Nc5 27. Qd4 Nd3 28. Qxe4
Nxb2 29. Rac1 Nc4 30. Nxc4 bxc4 31. Rxc4 Rxc4 32. Qxc4 Rd7 33. Rd1 a5 34. h3 h5
35. a4 Bd6 36. Qb5 Bb4 37. f5 h4 38. Bh2 Re7 39. d6 Rd7 40. Qc6 Qe8 41. f6 gxf6
42. Qf3 Qe6 43. Bf4 Kf8 44. Qh5 Kg8 45. Qxh4 Bxd6 46. Qg3+ Kh7 47. Bxd6 f5 48.
Qh4+ Kg8 49. Qd4 Qg6 50. Qd5 Qh5 51. Rd3 Kh7 52. Qc6 Rd8 53. Rg3 Qd1+ 54. Kh2
Qxd6 55. Qf3 Qe5 56. Qh5# 1-0

[Event "ch-RUS Blitz Women 2017"]
[Site "Sochi RUS"]
[Date "2017.10.02"]
[Round "17.5"]
[White "Nechaeva, Marina"]
[Black "Ubiennykh, Ekaterina"]
[Result "1-0"]
[WhiteTitle "IM"]
[BlackTitle "WIM"]
[WhiteElo "2431"]
[BlackElo "2308"]
[WhiteFideId "4149351"]
[BlackFideId "4137582"]
[EventDate "2017.10.02"]
[EventType "blitz"]

1. d4 d5 2. c4 e6 3. Nc3 Nf6 4. cxd5 exd5 5. Bg5 c6 6. Qc2 g6 7. e3 Bf5 8. Qb3
b6 9. Nf3 Be7 10. Be2 O-O 11. O-O Qd6 12. a3 Rc8 13. Rfd1 Ne4 14. Bf4 Qd8 15.
Nxe4 Bxe4 16. Rac1 Nd7 17. Ba6 Bxf3 18. gxf3 Nf8 19. Bxc8 Rxc8 20. Bg3 Qd7 21.
Qd3 h5 22. h4 Ne6 23. Kg2 Ng7 24. e4 Ne6 25. exd5 Qxd5 26. Qe4 Qb5 27. d5 1-0

[Event "ch-RUS Blitz Women 2017"]
[Site "Sochi RUS"]
[Date "2017.10.02"]
[Round "17.6"]
[White "Ambartsumova, Karina"]
[Black "Drozdova, Dina"]
[Result "1/2-1/2"]
[WhiteTitle "WGM"]
[BlackTitle "WIM"]
[WhiteElo "2359"]
[BlackElo "2209"]
[WhiteFideId "4166299"]
[BlackFideId "4170695"]
[EventDate "2017.10.02"]
[EventType "blitz"]

1. d4 g6 2. e4 Bg7 3. Nf3 d6 4. Bg5 c6 5. a4 Bg4 6. c3 Nf6 7. Bd3 O-O 8. O-O h6
9. Bh4 Nbd7 10. h3 Bxf3 11. Qxf3 e5 12. dxe5 dxe5 13. Na3 Qe7 14. Rad1 Nc5 15.
Bc2 Rad8 16. Nc4 Qe6 17. Bxf6 Bxf6 18. Qe2 Bg5 19. b4 Nxa4 20. Bxa4 b5 21. Bb3
bxc4 22. Bxc4 Qe7 23. Qa2 Kg7 24. Qa6 Qc7 25. Bb3 Bd2 26. Qc4 Qb6 27. Kh1 Bg5
28. Rxd8 Qxd8 29. Qxc6 Qd2 30. Qc4 Bf6 31. Kg1 h5 32. Rd1 Qb2 33. Rd7 Qc1+ 34.
Rd1 Qb2 35. g3 h4 36. Rd7 hxg3 37. Rxf7+ Kh6 38. fxg3 Qc1+ 39. Kg2 Qd2+ 40. Kf1
Rxf7 41. Qxf7 Qc1+ 42. Ke2 Bg5 43. Qf3 Qd2+ 44. Kf1 Qc1+ 45. Bd1 Bd2 46. Kg2
Bxc3 47. b5 Qb2+ 48. Be2 Bd4 49. Qf8+ Kh7 50. Qf7+ Kh6 51. Qf8+ Kh7 52. Qe7+ Kh6
53. Qh4+ Kg7 54. Qe7+ Kh6 55. Qf8+ Kh7 56. Qf7+ Kh6 57. Qf8+ 1/2-1/2

[Event "ch-RUS Blitz Women 2017"]
[Site "Sochi RUS"]
[Date "2017.10.02"]
[Round "17.7"]
[White "Styazhkina, Anna"]
[Black "Vasilevich, Tatjana"]
[Result "1-0"]
[WhiteTitle "WIM"]
[BlackTitle "IM"]
[WhiteElo "2301"]
[BlackElo "2360"]
[WhiteFideId "24119300"]
[BlackFideId "14101610"]
[EventDate "2017.10.02"]
[EventType "blitz"]

1. e4 c5 2. Nf3 a6 3. c4 e6 4. Nc3 Qc7 5. Be2 d6 6. d4 cxd4 7. Nxd4 Nf6 8. O-O
Be7 9. Be3 O-O 10. f3 Nbd7 11. Rc1 b6 12. Qd2 Bb7 13. Rfd1 Rfc8 14. b4 Qb8 15.
Nb3 Ne5 16. Na4 Nfd7 17. Nb2 Bc6 18. a4 a5 19. c5 bxc5 20. Nxa5 Qxb4 21. Qxb4
cxb4 22. Nxc6 Rxc6 23. Rxc6 Nxc6 24. Bb5 Nce5 25. f4 Ng4 26. Bd4 Ndf6 27. h3 e5
28. fxe5 Nxe5 29. Nd3 Nxd3 30. Rxd3 Nxe4 31. Bc6 Nc5 32. Bxc5 Rc8 33. Bxd6 Bxd6
34. Rxd6 b3 35. Be4 b2 36. Rb6 f5 37. Bxf5 Rc1+ 38. Kh2 g6 39. Be6+ Kg7 40. Rxb2
Re1 41. Bd7 Rd1 42. Bb5 h5 43. a5 Ra1 44. a6 Kf6 45. Rd2 g5 46. Rd7 Ke6 47. Rb7
Kd6 48. a7 g4 49. hxg4 hxg4 50. Kg3 Kc5 51. Be2 Ra4 1-0

[Event "ch-RUS Blitz Women 2017"]
[Site "Sochi RUS"]
[Date "2017.10.02"]
[Round "17.8"]
[White "Sukhareva, Evgeniya"]
[Black "Maltsevskaya, Aleksandra"]
[Result "1-0"]
[WhiteElo "2207"]
[BlackElo "2260"]
[WhiteFideId "4167155"]
[BlackFideId "24174041"]
[EventDate "2017.10.02"]
[EventType "blitz"]

1. d4 Nf6 2. c4 g6 3. Nc3 Bg7 4. e4 d6 5. h3 O-O 6. Be3 Na6 7. Nf3 c5 8. Be2
cxd4 9. Nxd4 Nc5 10. Qc2 Bd7 11. O-O Rc8 12. Rac1 a6 13. Qb1 Ne6 14. Rfd1 Qe8
15. b3 Nxd4 16. Bxd4 b5 17. Qb2 e5 18. Be3 b4 19. Nd5 Nxe4 20. Nxb4 f5 21. f3
Ng3 22. Qd2 a5 23. Nd5 Bc6 24. Bf1 Rd8 25. Bg5 Rb8 26. Qxa5 h6 27. Be7 Rf7 28.
Bxd6 Ra8 29. Qd2 Rd8 30. Bb4 e4 31. Ne7+ Kh7 32. Qxd8 Qxd8 33. Rxd8 exf3 34.
Nxc6 Ne4 35. gxf3 Ng3 36. Bc3 Bf8 37. Ne5 Bc5+ 38. Bd4 Bxd4+ 39. Rxd4 Re7 40.
Rd7 1-0